[Event "Helsingor Hojstrupgaard op"]
[Site "Helsingor"]
[Date "2021.07.23"]
[Round "1"]
[White "Rathlev, Jakob"]
[Black "Olsen, Claus"]
[Result "1-0"]
[WhiteElo "2210"]
[BlackElo "2084"]
[PlyCount "133"]
[EventDate "2021.07.23"]
[EventType "swiss"]
[EventRounds "5"]
[EventCountry "DEN"]
[SourceTitle "CBM 203 Extra"]
[Source "ChessBase"]
[SourceDate "2021.09.30"]
[SourceVersion "1"]
[SourceVersionDate "2021.09.30"]
[SourceQuality "1"]

1. c4 f5 2. Nf3 Nf6 3. e3 g6 4. b3 Bg7 5. Bb2 0-0 6. Be2 d6 7. d4 e5 8. dxe5 Ng4 9. h3 Nxe5 10. Qd5+ Nf7 11. Bxg7 Kxg7 12. Nc3 Qf6 13. Rc1 Nc6 14. 0-0 Nce5 15. Qd2 Nxf3+ 16. Bxf3 c6 17. Rfd1 Qe5 18. g3 Be6 19. Bg2 Rad8 20. f4 Qf6 21. Ne2 Rfe8 22. Nd4 Bc8 23. b4 a6 24. a4 c5 25. Nc2 Re7 26. Rb1 b6 27. a5 b5 28. cxb5 axb5 29. Qd3 Ba6 30. Kh2 Rde8 31. Bc6 Rc8 32. Bd5 cxb4 33. Nxb4 Rc3 34. Qd4 Qxd4 35. Rxd4 Bb7 36. Ra1 Bxd5 37. Nxd5 Rc2+ 38. Kg1 Ra7 39. Nb4 Rc5 40. Kf2 Kf6 41. a6 Ke6 42. g4 Kf6 43. Kf3 Ke6 44. Ra3 d5 45. Rad3 Rc4 46. Rd1 Rxd4 47. Rxd4 Nd6 48. Rxd5 Rc7 49. Rd2 Rc4 50. Ra2 Nc8 51. Nc2 Ra4 52. Nd4+ Kd5 53. Nxb5 Rxa2 54. Nc3+ Kc5 55. Nxa2 Kb5 56. e4 fxe4+ 57. Kxe4 Kxa6 58. Ke5 Kb6 59. Kf6 Kc7 60. Kg7 Kd7 61. Kxh7 Ne7 62. Kg7 Ke6 63. Nb4 Kd6 64. Kf6 Kd7 65. Nd3 Ke8 66. Ne5 Nd5+ 67. Kg5 1-0

[Event "Vanlose Summer op"]
[Site "Vanlose"]
[Date "2002.07.30"]
[Round "2"]
[White "Carstensen, Jacob"]
[Black "Olsen, Claus"]
[Result "1-0"]
[WhiteElo "2224"]
[BlackElo "2036"]
[PlyCount "97"]
[EventDate "2002.07.29"]
[EventType "swiss"]
[EventRounds "7"]
[EventCountry "DEN"]
[SourceTitle "EXT 2018"]
[Source "ChessBase"]
[SourceDate "2017.10.13"]
[SourceVersion "1"]
[SourceVersionDate "2017.10.13"]
[SourceQuality "1"]

1. d4 Nf6 2. c4 e6 3. Nc3 Bb4 4. e3 0-0 5. Bd3 b6 6. Nge2 Bb7 7. 0-0 d5 8. cxd5 exd5 9. Ng3 c5 10. a3 Bxc3 11. bxc3 Ba6 12. Bxa6 Nxa6 13. a4 Re8 14. Qd3 c4 15. Qc2 Nc7 16. f3 h5 17. e4 h4 18. Nf5 dxe4 19. Bg5 Qd5 20. Bxf6 Qxf5 21. Be5 Qd7 22. fxe4 f6 23. Bxc7 Qxc7 24. Rae1 Re6 25. Qf2 Rae8 26. Qxh4 Qc6 27. Rf4 Qxa4 28. Qg4 Qc2 29. Re3 Qc1+ 30. Kf2 Qd2+ 31. Qe2 Qxe2+ 32. Rxe2 b5 33. Kf3 a5 34. Rf5 Rb6 35. Rc5 a4 36. d5 Kf7 37. Rb2 Reb8 38. Rc7+ Kf8 39. Ke3 a3 40. Ra2 Ra8 41. Kd4 Raa6 42. Kc5 b4 43. cxb4 c3 44. b5 c2 45. Rxc2 a2 46. Rxa2 Rxb5+ 47. Kxb5 Rxa2 48. d6 Rxg2 49. Rc8+ 1-0

[Event "Politiken Cup 21st"]
[Site "Copenhagen"]
[Date "1999.07.12"]
[Round "9"]
[White "Gabrielsen, Stig"]
[Black "Olsen, Claus"]
[Result "1-0"]
[WhiteElo "2295"]
[BlackElo "2064"]
[PlyCount "35"]
[EventDate "1999.07.04"]
[EventType "swiss"]
[EventRounds "11"]
[EventCountry "DEN"]
[SourceTitle "CBM 071 Extra"]
[Source "ChessBase"]
[SourceDate "1999.09.14"]
[SourceVersion "1"]
[SourceVersionDate "1999.09.14"]
[SourceQuality "1"]

1. Nf3 f5 2. e4 fxe4 3. Ng5 Nf6 4. d3 e3 5. Bxe3 e5 6. d4 Qe7 7. Nc3 exd4 8. Qxd4 Nc6 9. Qd2 Qb4 10. 0-0-0 Be7 11. a3 Qa5 12. Bc4 Ne5 13. Bb3 c6 14. f4 Ng6 15. Bf7+ Kf8 16. h4 Bc5 17. Bxc5+ Qxc5 18. b4 1-0

[Event "Amager-ch"]
[Site "Amager"]
[Date "1999.??.??"]
[Round "5"]
[White "Christensen, Jan"]
[Black "Olsen, Claus"]
[Result "1-0"]
[WhiteElo "2234"]
[BlackElo "2064"]
[PlyCount "85"]
[EventDate "1999.09.27"]
[EventType "swiss"]
[EventRounds "9"]
[EventCountry "DEN"]
[SourceTitle "EXT 2001"]
[Source "ChessBase"]
[SourceDate "2000.11.22"]
[SourceVersion "1"]
[SourceVersionDate "2000.11.22"]
[SourceQuality "1"]

1. e4 e5 2. Nc3 Nf6 3. Bc4 Nxe4 4. Qh5 Nd6 5. Bb3 Be7 6. Qxe5 0-0 7. Nge2 Nc6 8. Qh5 Bf6 9. d3 Nd4 10. Nxd4 Bxd4 11. 0-0 g6 12. Qg4 Nf5 13. Nd5 h5 14. Qf3 c6 15. Nf4 Qf6 16. c3 Bb6 17. d4 d5 18. Nd3 Kg7 19. Bf4 Qd8 20. Rfe1 Nd6 21. Qe3 Re8 22. Bh6+ Kh7 23. Qf4 Rxe1+ 24. Rxe1 Nf5 25. Bg5 f6 26. Bh4 Bc7 27. Bxf6 Bxf4 28. Bxd8 Bd6 29. Bf6 Bd7 30. Bc2 Re8 31. Be5 Bf8 32. f3 Bh6 33. Kf2 Bf8 34. g4 hxg4 35. fxg4 Nh6 36. h3 Be7 37. Kg3 Kg8 38. Nf4 g5 39. Nh5 Bd8 40. Rf1 Nf7 41. Bg6 Re7 42. Nf6+ Kf8 43. Bxf7 1-0

[Event "Politiken Cup 12th"]
[Site "Copenhagen"]
[Date "1990.06.21"]
[Round "2"]
[White "From, Sigfred"]
[Black "Olsen, Claus"]
[Result "1-0"]
[WhiteElo "2205"]
[BlackElo "2110"]
[PlyCount "79"]
[EventDate "1990.06.20"]
[EventType "swiss"]
[EventRounds "10"]
[EventCountry "DEN"]
[SourceTitle "EXT 2000"]
[Source "ChessBase"]
[SourceDate "1999.11.16"]
[SourceVersion "1"]
[SourceVersionDate "1999.11.16"]
[SourceQuality "1"]

1. d4 e6 2. e4 d5 3. Nc3 Nf6 4. Bg5 dxe4 5. Nxe4 Be7 6. Bxf6 gxf6 7. Nf3 b6 8. Bd3 Bb7 9. Qe2 c6 10. 0-0-0 Qc7 11. Kb1 Nd7 12. c4 0-0-0 13. Nc3 Kb8 14. d5 Nc5 15. dxe6 Nxd3 16. Rxd3 Rxd3 17. Qxd3 fxe6 18. Re1 Bc8 19. Nd4 Rd8 20. Qe4 Rd6 21. Nf5 Rd2 22. Nxe7 Qxe7 23. Qf4+ Qd6 24. Qxd6+ Rxd6 25. Ne4 Rd4 26. Nxf6 Rxc4 27. g3 h6 28. f4 Rc5 29. Re5 Rxe5 30. fxe5 Ba6 31. Kc2 c5 32. g4 Kc7 33. Kd2 Bf1 34. Ke3 b5 35. h4 c4 36. Ng8 Kc6 37. Kd4 Be2 38. Nxh6 a5 39. g5 Bh5 40. Ng8 1-0

[Event "Politiken Cup 12th"]
[Site "Copenhagen"]
[Date "1990.06.20"]
[Round "1"]
[White "Jensen, Bjarne"]
[Black "Olsen, Claus"]
[Result "0-1"]
[WhiteElo "2029"]
[BlackElo "2110"]
[PlyCount "52"]
[EventDate "1990.06.20"]
[EventType "swiss"]
[EventRounds "10"]
[EventCountry "DEN"]
[SourceTitle "EXT 2000"]
[Source "ChessBase"]
[SourceDate "1999.11.16"]
[SourceVersion "1"]
[SourceVersionDate "1999.11.16"]
[SourceQuality "1"]

1. e4 e5 2. d4 exd4 3. Qxd4 Nc6 4. Qe3 Nf6 5. Be2 Bb4+ 6. c3 Ba5 7. Nd2 Qe7 8. Bf3 0-0 9. Ne2 Re8 10. 0-0 Bb6 11. Qf4 Ne5 12. Nd4 Nxf3+ 13. gxf3 d5 14. Nf5 Bxf5 15. Qxf5 Qd6 16. Re1 Re5 17. Qf4 Rae8 18. c4 Qc5 19. Qe3 Qe7 20. Qc3 d4 21. Qd3 Nh5 22. Nf1 Qh4 23. Ng3 c5 24. Qd2 Bc7 25. b4 cxb4 26. Qxb4 Ba5 0-1

[Event "Politiken Cup 11th"]
[Site "Copenhagen"]
[Date "1989.06.28"]
[Round "10"]
[White "Hamann, Svend"]
[Black "Olsen, Claus"]
[Result "1-0"]
[WhiteElo "2395"]
[BlackElo "2115"]
[PlyCount "69"]
[EventDate "1989.06.18"]
[EventType "swiss"]
[EventRounds "10"]
[EventCountry "DEN"]
[SourceTitle "EXT 2000"]
[Source "ChessBase"]
[SourceDate "1999.11.16"]
[SourceVersion "1"]
[SourceVersionDate "1999.11.16"]
[SourceQuality "1"]

1. d4 Nf6 2. c4 e5 3. e3 Bb4+ 4. Nc3 Qe7 5. d5 Bxc3+ 6. bxc3 d6 7. f3 0-0 8. e4 Nbd7 9. Be3 b6 10. Ne2 Nc5 11. g4 Nfxe4 12. fxe4 Nxe4 13. Ng3 Qh4 14. Qf3 Nxg3 15. hxg3 Qxg4 16. Qg2 Bf5 17. Rh4 Qg6 18. 0-0-0 Qf6 19. Be2 Bg6 20. Qh1 a6 21. g4 b5 22. Rf1 Qe7 23. g5 f5 24. gxf6 Rxf6 25. Rg1 Rf4 26. Bxf4 exf4 27. Rxg6 Qe3+ 28. Kb1 hxg6 29. Bg4 Qd3+ 30. Kb2 Qd2+ 31. Kb3 bxc4+ 32. Kxc4 Qxa2+ 33. Kd3 Kf7 34. Be6+ Ke7 35. Rxf4 1-0

[Event "Politiken Cup 11th"]
[Site "Copenhagen"]
[Date "1989.06.26"]
[Round "8"]
[White "Olsen, Claus"]
[Black "Jorgensen, Brian Jorgen"]
[Result "1-0"]
[WhiteElo "2115"]
[BlackElo "2005"]
[PlyCount "65"]
[EventDate "1989.06.18"]
[EventType "swiss"]
[EventRounds "10"]
[EventCountry "DEN"]
[SourceTitle "EXT 2000"]
[Source "ChessBase"]
[SourceDate "1999.11.16"]
[SourceVersion "1"]
[SourceVersionDate "1999.11.16"]
[SourceQuality "1"]

1. Nf3 d6 2. b3 e5 3. d3 f5 4. Bb2 Nf6 5. c4 g6 6. g3 Bg7 7. Bg2 0-0 8. 0-0 Nc6 9. e3 h6 10. Nc3 Bd7 11. Qd2 g5 12. Ne1 f4 13. exf4 gxf4 14. Nd5 Nxd5 15. Bxd5+ Kh8 16. Ng2 Bh3 17. Nh4 Bxf1 18. Ng6+ Kh7 19. Nxf8+ Qxf8 20. Rxf1 Re8 21. Qe2 Kh8 22. Qh5 Ne7 23. Bf7 Rd8 24. gxf4 Nc6 25. f5 Nb4 26. Rd1 c5 27. Bc1 Nxa2 28. Bg5 Nc3 29. Bxd8 Nxd1 30. Bg5 Nc3 31. f6 Ne2+ 32. Kf1 Nf4 33. Bxf4 1-0

[Event "Politiken Cup 11th"]
[Site "Copenhagen"]
[Date "1989.06.22"]
[Round "5"]
[White "Olsen, Claus"]
[Black "Groszpeter, Attila"]
[Result "0-1"]
[WhiteElo "2115"]
[BlackElo "2500"]
[PlyCount "82"]
[EventDate "1989.06.18"]
[EventType "swiss"]
[EventRounds "10"]
[EventCountry "DEN"]
[SourceTitle "EXT 2000"]
[Source "ChessBase"]
[SourceDate "1999.11.16"]
[SourceVersion "1"]
[SourceVersionDate "1999.11.16"]
[SourceQuality "1"]

1. Nf3 Nf6 2. b3 d5 3. Bb2 Bg4 4. e3 Nbd7 5. d4 e6 6. Be2 Bb4+ 7. c3 Bd6 8. c4 c6 9. Nbd2 Qb8 10. h3 Bh5 11. Rc1 a5 12. Qc2 a4 13. bxa4 Qa7 14. Bd1 0-0 15. 0-0 Rfe8 16. Qb3 Bf8 17. Ne5 Bxd1 18. Rfxd1 Nb6 19. Ba3 Bxa3 20. Qxa3 Nxa4 21. c5 Qa5 22. Qb3 Ra7 23. Rc2 Rea8 24. Rb1 Ne8 25. Qd3 f6 26. Nef3 Qd8 27. Re1 Nc7 28. e4 Ra6 29. e5 f5 30. Rb1 Nb5 31. h4 h6 32. Qe3 Qe8 33. Rb3 b6 34. cxb6 Nxb6 35. Rbb2 Na3 36. Qb3 Nxc2 37. Qxc2 Nd7 38. Rb7 Qc8 39. Rb2 c5 40. dxc5 Qxc5 41. Qb1 Qa7 0-1